000 03280cam a22005534a 4500
001 muse29585
003 MdBmJHUP
005 20210127151039.0
006 m o d
007 cr||||||||nn|n
008 130614s2013 ohu o 00 0 eng d
010 _z 2013023713
020 _a9780814271193
020 _a0814271197
020 _z9780814212363 (cloth : alk. paper)
020 _z0814212360 (cloth : alk. paper)
020 _z9780814293386 (cd-rom)
020 _z0814293387 (cd-rom)
035 _a(OCoLC)870684347
040 _aMdBmJHUP
_cMdBmJHUP
043 _ae-uk---
050 0 4 _aPR868.W6
_bE27 2013
082 0 _a823/.8093522
_223
245 0 0 _aEconomic Women
_bEssays on Desire and Dispossession in Nineteenth-Century British Culture /
_cEdited by Lana L. Dalley and Jill Rappoport.
264 1 _bOhio State University Press,
264 3 _bProject MUSE,
300 _a1 online resource (256 p.)
504 _aIncludes bibliographical references and index.
505 0 _aIntroducing economic women / Lana L. Dalley and Jill Rappoport -- Gentry, gender, and the moral economy during the Revolutionary and Napoleonic wars in provincial England / Kathryn Gleadle -- Women, free trade, and Harriet Martineau's Dawn Island at the 1845 Anti-Corn Law League bazaar / Leslee Thorne-Murphy -- Sacrificial value : beyond the cash nexus in George Eliot's Romola / Ilana M. Blumberg -- Florence Nightingale's contributions to economics / Mary Poovey -- The cost of everything in Middlemarch / Gordon Bigelow -- Demand and desire in Dracula / Deanna K. Kreisel -- "A pauper every wife is" : Lady Westmeath, money, marriage, and divorce in early nineteenth-century England / Janette Rutterford -- Marriage, celibacy, or emigration? Debating the costs of family life in mid-Victorian England / Erika Rappaport -- "Absolutely Miss Fairlie's own" : emasculating economics in The woman in white / Esther Godfrey -- "She'd give her two ears to know" : the gossip economy in Ellen Wood's St Martin's eve / Tara MacDonald -- Charlotte Riddell : novelist of "the city" / Nancy Henry -- A "formidable" business : British women travelers in the colonial medical market / Narin Hassan -- Afterword-and forward : economic women in their time, our time, and the future / Regenia Gagnier.
506 0 _aOpen Access
_fUnrestricted online access
_2star
588 _aDescription based on print version record.
650 0 _aEconomics in literature.
650 0 _aWomen in literature.
650 0 _aWomen
_zGreat Britain
_xEconomic conditions
_y19th century.
650 0 _aWomen and literature
_zGreat Britain
_xHistory
_y19th century.
650 0 _aEnglish fiction
_y19th century
_xHistory and criticism.
655 7 _aElectronic books.
_2local
700 1 _aRappoport, Jill.
700 1 _aDalley, Lana L.,
_d1976-
710 2 _aProject Muse.
_edistributor
830 0 _aBook collections on Project MUSE.
856 4 0 _zFull text available:
_uhttps://muse.jhu.edu/book/27709/
945 _aProject MUSE - 2014 Complete
945 _aProject MUSE - 2014 Literature
999 _c24417
_d24417